| 000 | 00000nam 2200000za 4500 |
| 001 | 9.846737 |
| 003 | CaOODSP |
| 005 | 20221107153256 |
| 007 | cr ||||||||||| |
| 008 | 171107s1987 onc |o f|0| 0 fre d |
| 040 | |aCaOODSP|bfre |
| 043 | |an-cn--- |
| 086 | 1 |aCS11-0019/5F-PDF |
| 100 | 1 |aPicot, W. G. |
| 245 | 10|aPerte d'un emploi et adaptation au marché du travail dans l'économie canadienne |h[ressource électronique] / |cpar Garnett Picot et Ted Wannell. |
| 260 | |a[Ottawa] : |bStatistique Canada, |c1987. |
| 300 | |a48 p. |
| 490 | 0 |aDocuments de recherche ; |vno. 5 |
| 500 | |aPubl. aussi en anglais sous le titre : Job loss and labour market adjustment in the Canadian economy. |
| 500 | |aÉdition numérisée de l'imprimé [par Statistique Canada]. |
| 504 | |aComprend des références bibliographiques. |
| 520 | |a« Le présent document vise à évaluer les expériences d'adaptation au marché du travail des travailleurs canadiens qui ont été licenciés définitivement entre 1981 et 1984. Ces licenciements pouvaient être attribuables à des causes structurelles ou cycliques. On se sert de données provenant d'une enquête spéciale afin de répondre à un certain nombre de questions. »--Résumé. |
| 692 | 07|2gccst|aCessation d'emploi |
| 692 | 07|2gccst|aChômage |
| 692 | 07|2gccst|aMarché du travail |
| 700 | 1 |aWannell, Ted. |
| 710 | 2 |aStatistique Canada. |bDirection des études analytiques. |
| 775 | 08|tJob loss and labour market adjustment in the Canadian economy |w(CaOODSP)9.846734 |
| 830 | #0|aDocuments de recherche (Statistique Canada. Direction des études analytiques)|vno 5|w(CaOODSP)9.500842 |
| 856 | 40|qPDF|s7.58 Mo|uhttps://publications.gc.ca/collections/collection_2017/statcan/11f0019m/CS11-0019-5-fra.pdf |